[Event "IECG CN.2002.0.00300 email"]
[Site "IECG email"]
[Date "2002.07.08"]
[Round "?"]
[White "Kyllo, Richard"]
[Black "Humphries, Lance"]
[Result "0-1"]
[WhiteElo "979"]
[BlackElo "968"]
[PlyCount "126"]
[EventDate "2002.07.08"]
[EventType "tourn (corr)"]
[EventRounds "5"]
[SourceTitle "Corr 2008"]
[Source "ChessBase"]
[SourceDate "2008.06.24"]
[SourceVersion "1"]
[SourceVersionDate "2008.06.24"]
[SourceQuality "1"]

1. d4 Nf6 2. c4 g6 3. Nc3 Bg7 4. Nf3 d6 5. e4 0-0 6. Be2 c5 7. 0-0 cxd4 8. Nxd4 Nc6 9. Be3 Nxd4 10. Bxd4 e5 11. Be3 b6 12. Qc2 Bb7 13. Rfd1 Qc7 14. f3 Rfd8 15. Qb3 Ba6 16. Rd2 Rac8 17. Nd5 Bxc4 18. Nxc7 Bxb3 19. Nb5 Ba4 20. Nxa7 Rb8 21. b3 Be8 22. Nb5 d5 23. Rad1 d4 24. Bf2 Bf8 25. a4 Nh5 26. Nc7 Nf4 27. Bb5 Bxb5 28. Nxb5 Rbc8 29. Bg3 g5 30. Bxf4 gxf4 31. g3 Bh6 32. gxf4 Bxf4 33. Rg2+ Kf8 34. Rd3 Rc1+ 35. Kf2 Rdc8 36. Na3 Ra1 37. Nc4 b5 38. axb5 Rca8 39. Nd2 R8a2 40. Ke2 Rc2 41. Rg4 Raa2 42. Rxf4 exf4 43. Rxd4 Rc5 44. b6 Rb5 45. Kd3 Rxb6 46. e5 Rb5 47. Ke4 Ke7 48. Rd6 f6 49. Nc4 fxe5 50. Rh6 Rxb3 51. Nxe5 Ra4+ 52. Kf5 Rb5 53. Re6+ Kd8 54. Rh6 Raa5 55. Rd6+ Kc7 56. Rc6+ Kb7 57. Re6 Ra4 58. Re7+ Kb6 59. Rxh7 Kc5 60. Rd7 Ra2 61. h4 Rh2 62. Nd3+ Kc6+ 63. Ne5+ Rxe5+ 0-1

[Event "IECG CP.2000.P.00120"]
[Site "IECG email"]
[Date "2000.10.01"]
[Round "?"]
[White "Humphries, Lance"]
[Black "Pla, Silvio"]
[Result "0-1"]
[WhiteElo "960"]
[BlackElo "2489"]
[PlyCount "62"]
[EventDate "2000.10.01"]
[EventType "tourn (corr)"]
[EventRounds "6"]
[EventCountry "FRA"]
[SourceTitle "Corr 2008"]
[Source "ChessBase"]
[SourceDate "2008.06.24"]
[SourceVersion "1"]
[SourceVersionDate "2008.06.24"]
[SourceQuality "1"]

1. Nf3 Nf6 2. g3 g6 3. Bg2 Bg7 4. 0-0 0-0 5. d3 d6 6. Nbd2 c5 7. e4 Nc6 8. Re1 e5 9. a3 d5 10. exd5 Nxd5 11. Nc4 Re8 12. Rb1 h6 13. Be3 Nxe3 14. Rxe3 Qc7 15. Qd2 Rb8 16. Rbe1 b5 17. Ncxe5 Nxe5 18. Nxe5 Bxe5 19. c3 Bd7 20. R1e2 Bg7 21. Qe1 Rxe3 22. Rxe3 Kf8 23. Qd2 Re8 24. Rxe8+ Bxe8 25. c4 Qe5 26. Qa5 Qxb2 27. cxb5 Qc1+ 28. Bf1 Bd4 29. Qc7 Bxb5 30. Qxa7 Qe1 31. Qa8+ Kg7 0-1

[Event "IECG CN.2000.0.00188"]
[Site "IECG email"]
[Date "2000.04.09"]
[Round "?"]
[White "Humphries, Lance"]
[Black "Lauffer, Andreas"]
[Result "1-0"]
[WhiteElo "800"]
[BlackElo "800"]
[PlyCount "95"]
[EventDate "2000.04.09"]
[EventType "tourn (corr)"]
[EventRounds "6"]
[SourceTitle "Corr 2008"]
[Source "ChessBase"]
[SourceDate "2008.06.24"]
[SourceVersion "1"]
[SourceVersionDate "2008.06.24"]
[SourceQuality "1"]

1. e4 e5 2. Nf3 d6 3. d4 exd4 4. Nxd4 c5 5. Nf3 Nf6 6. Nc3 Nc6 7. Bd3 d5 8. Bg5 Qe7 9. Bxf6 gxf6 10. 0-0 d4 11. Nd5 Qd6 12. Re1 Bd7 13. h3 0-0-0 14. Rb1 f5 15. c4 Rg8 16. exf5 Nb4 17. Nxb4 cxb4 18. Be4 Qf6 19. Qxd4 Qg7 20. Qxg7 Rxg7 21. f6 Rg8 22. Bxh7 Rh8 23. Ng5 Be6 24. Nxe6 fxe6 25. Bc2 Rh6 26. Rxe6 Kd7 27. Bf5 Kc7 28. Rbe1 Rh4 29. b3 Rhd4 30. f7 R8d7 31. Bg6 R4d6 32. Rxd6 Rxd6 33. Re8 Bg7 34. f8Q Bxf8 35. Rxf8 Rxg6 36. g4 Re6 37. Kf1 Kc6 38. g5 Kc5 39. h4 Kd6 40. Rf6 Ke5 41. Rxe6+ Kxe6 42. Ke2 Kf5 43. Ke3 Kg4 44. g6 Kxh4 45. g7 b5 46. g8Q bxc4 47. Kf4 c3 48. Qg4# 1-0

[Event "IECG CN.2000.0.00188"]
[Site "IECG email"]
[Date "2000.04.09"]
[Round "?"]
[White "Humphries, Lance"]
[Black "Mills, Mark"]
[Result "0-1"]
[WhiteElo "800"]
[BlackElo "868"]
[PlyCount "30"]
[EventDate "2000.04.09"]
[EventType "tourn (corr)"]
[EventRounds "6"]
[SourceTitle "Corr 2008"]
[Source "ChessBase"]
[SourceDate "2008.06.24"]
[SourceVersion "1"]
[SourceVersionDate "2008.06.24"]
[SourceQuality "1"]

1. c4 Nf6 2. Nc3 e5 3. g3 c6 4. Bg2 d5 5. b3 Be6 6. cxd5 cxd5 7. e3 Nc6 8. Nge2 d4 9. Ne4 Nxe4 10. Bxe4 Bd5 11. Bxd5 Qxd5 12. 0-0 Bc5 13. f4 Rd8 14. fxe5 dxe3 15. Nf4 e2+ 0-1

[Event "IECG CN.2000.0.00188"]
[Site "IECG email"]
[Date "2000.04.09"]
[Round "?"]
[White "Lopez, Antonio"]
[Black "Humphries, Lance"]
[Result "1-0"]
[WhiteElo "800"]
[BlackElo "800"]
[PlyCount "55"]
[EventDate "2000.04.09"]
[EventType "tourn (corr)"]
[EventRounds "6"]
[SourceTitle "Corr 2008"]
[Source "ChessBase"]
[SourceDate "2008.06.24"]
[SourceVersion "1"]
[SourceVersionDate "2008.06.24"]
[SourceQuality "1"]

1. d4 Nf6 2. c4 g6 3. Nc3 Bg7 4. e4 d6 5. Nf3 0-0 6. Be2 Nbd7 7. 0-0 b6 8. Bg5 h6 9. Bh4 g5 10. Bg3 Bb7 11. e5 Ne8 12. Qc1 g4 13. Nh4 e6 14. Rd1 h5 15. f4 f6 16. Ng6 Rf7 17. d5 exd5 18. e6 dxc4 19. exf7+ Kxf7 20. f5 Ba6 21. Nb5 Bf8 22. Bxc4+ Kg7 23. Nd4 Bxc4 24. Qxc4 Kh7 25. Qf7+ Ng7 26. Ne6 Qe8 27. Ngxf8+ Nxf8 28. Qxg7# 1-0

[Event "IECC KO email"]
[Site "IECC email"]
[Date "1999.12.06"]
[Round "?"]
[White "Olsson, Peter"]
[Black "Humphries, Lance"]
[Result "1-0"]
[WhiteElo "1604"]
[BlackElo "1586"]
[PlyCount "83"]
[EventDate "1999.??.??"]
[EventType "tourn (corr)"]
[EventRounds "6"]
[SourceTitle "Corr 2008"]
[Source "ChessBase"]
[SourceDate "2008.06.24"]
[SourceVersion "1"]
[SourceVersionDate "2008.06.24"]
[SourceQuality "1"]

1. d4 d5 2. c4 e6 3. Nc3 Nf6 4. Nf3 c6 5. e3 Nbd7 6. Bd3 Bb4 7. a3 Ba5 8. 0-0 0-0 9. Qc2 Re8 10. Bd2 e5 11. dxe5 Nxe5 12. Nxe5 Rxe5 13. cxd5 cxd5 14. Nb5 Bxd2 15. Qxd2 Bf5 16. Bxf5 Rxf5 17. Nd4 Ne4 18. Qe2 Rf6 19. Rac1 Qd6 20. Rc2 a6 21. Qg4 h5 22. Rc8+ Rxc8 23. Qxc8+ Kh7 24. Qxb7 Qe5 25. Qb3 g6 26. Qc2 Qe8 27. b4 Qd8 28. a4 Qb6 29. b5 Qa5 30. f3 Nd6 31. Nc6 Qb6 32. Qc3 Re6 33. Nd4 Re8 34. Rb1 Nc4 35. e4 Nd6 36. a5 Qb7 37. Qc6 Qe7 38. Qxd5 axb5 39. Nxb5 Rb8 40. a6 Nxb5 41. Rxb5 Rd8 42. Rb7 1-0

[Event "IECC Y2KO email"]
[Site "IECC email"]
[Date "1999.10.14"]
[Round "?"]
[White "De Vault, Roy E"]
[Black "Humphries, Lance"]
[Result "1-0"]
[WhiteElo "2305"]
[BlackElo "1599"]
[PlyCount "53"]
[EventDate "1999.??.??"]
[EventType "tourn (corr)"]
[EventRounds "2"]
[SourceTitle "Corr 2008"]
[Source "ChessBase"]
[SourceDate "2008.06.24"]
[SourceVersion "1"]
[SourceVersionDate "2008.06.24"]
[SourceQuality "1"]

1. e4 e5 2. Bc4 Nf6 3. d3 c6 4. Nf3 Bc5 5. Nxe5 d5 6. exd5 cxd5 7. Bb5+ Bd7 8. Nxd7 Nbxd7 9. Qe2+ Be7 10. Bg5 0-0 11. 0-0 Bd6 12. Bxd7 Qxd7 13. Bxf6 gxf6 14. Qf3 Qb5 15. Nc3 Qxb2 16. Nxd5 Be5 17. Rab1 Qd4 18. Rb4 Qc5 19. d4 Bxd4 20. Qg4+ Kh8 21. Rxd4 Qxc2 22. Nxf6 h5 23. Qxh5+ Kg7 24. Rg4+ Qg6 25. Re1 Rfc8 26. Qh7+ Kxf6 27. Rf4+ 1-0